| 000 | 00376nam a2200157Ia 4500 | ||
|---|---|---|---|
| 008 | 230312s9999||||xx |||||||||||||| ||und|| | ||
| 020 | _a0-07-115113-3 | ||
| 082 |
_a658.3 _bMCS-O |
||
| 100 | _aMcShane;Steven.L | ||
| 245 | 0 | _aOrganizational Behavior | |
| 260 |
_bMcGraw Hill _aUSA _c2003 |
||
| 300 | _a690 | ||
| 546 | _aEng. | ||
| 650 |
_aManagement _vManagement |
||
| 942 | _cBK | ||
| 999 |
_c9310 _d9310 |
||